An ninh tài chính doanh nghiệp nhà nước trong điều kiện chủ động hội nhập kkinh tế quốc tế : Sách tham khảo

محفوظ في:
التفاصيل البيبلوغرافية
المؤلف الرئيسي: Tào, Hữu Phùng
التنسيق: كتاب
اللغة:Undetermined
منشور في: Hà Nội Chính trị Quốc gia 2003
الموضوعات:
الوسوم: إضافة وسم
لا توجد وسوم, كن أول من يضع وسما على هذه التسجيلة!
Thư viện lưu trữ: Trung tâm Học liệu Trường Đại học Cần Thơ
LEADER 00768nam a2200217Ia 4500
001 CTU_94477
008 210402s9999 xx 000 0 und d
020 |c 12000 
082 |a 658.15 
082 |b Ph513 
100 |a Tào, Hữu Phùng 
245 3 |a An ninh tài chính doanh nghiệp nhà nước trong điều kiện chủ động hội nhập kkinh tế quốc tế : 
245 0 |b Sách tham khảo 
245 0 |c Tào Hữu Phùng, Trần Tiến Hưng 
260 |a Hà Nội 
260 |b Chính trị Quốc gia 
260 |c 2003 
650 |a Business enterprises,Finance,Industrial management 
650 |x Finance,Management 
904 |i Trúc 
980 |a Trung tâm Học liệu Trường Đại học Cần Thơ